000
00275nam a2200121Ia 4500
008
211105s9999 xx 000 0 und d
020
_a
VYASA16533
100
_a
Dasgupta Sn
245
0
_a
Yoga Philosophy
250
_a
5th
260
_b
motilal Banarsidass
_c
\N
300
_a
380
999
_c
10517
_d
10517